[Event "Niederbayernliga 1516"]
[Site "Bayern"]
[Date "2016.03.13"]
[Round "8.1"]
[White "Christlmaier, Martin"]
[Black "Hartl, Rainer"]
[Result "1/2-1/2"]
[WhiteElo "1989"]
[BlackElo "1943"]
[PlyCount "26"]
[EventDate "2015.10.11"]
[EventType "team-tourn"]
[EventRounds "9"]
[EventCountry "GER"]
[SourceTitle "EXT 2023"]
[Source "ChessBase"]
[SourceDate "2022.10.05"]
[SourceVersion "1"]
[SourceVersionDate "2022.10.05"]
[SourceQuality "1"]
[WhiteTeam "Landau Dingolfing"]
[BlackTeam "Rottal II"]
[WhiteTeamCountry "GER"]
[BlackTeamCountry "GER"]

1. e4 c5 2. c3 e6 3. d4 d5 4. exd5 Qxd5 5. Nf3 Nf6 6. Bd3 cxd4 7. cxd4 a6 8. 0-0 Bd6 9. Nc3 Qh5 10. Ne4 Nxe4 11. Bxe4 Nd7 12. d5 e5 13. Nd2 Qxd1 1/2-1/2

[Event "Niederbayernliga 1516"]
[Site "Bayern"]
[Date "2015.11.15"]
[Round "3.1"]
[White "Miesbauer, Jan"]
[Black "Christlmaier, Martin"]
[Result "1/2-1/2"]
[WhiteElo "2146"]
[BlackElo "1989"]
[PlyCount "105"]
[EventDate "2015.10.11"]
[EventType "team-tourn"]
[EventRounds "9"]
[EventCountry "GER"]
[SourceTitle "EXT 2023"]
[Source "ChessBase"]
[SourceDate "2022.10.05"]
[SourceVersion "1"]
[SourceVersionDate "2022.10.05"]
[SourceQuality "1"]
[WhiteTeam "Bayerwald Regen"]
[BlackTeam "Landau Dingolfing"]
[WhiteTeamCountry "GER"]
[BlackTeamCountry "GER"]

1. d4 d5 2. c4 c6 3. Nf3 Nf6 4. Nc3 g6 5. g3 Bg7 6. Bg2 0-0 7. 0-0 Nbd7 8. Qc2 Nb6 9. c5 Nbd7 10. b4 a6 11. Bf4 Re8 12. Rfd1 Nh5 13. Be3 f5 14. Bf4 Nxf4 15. gxf4 Nf6 16. a4 Bd7 17. e3 Ne4 18. Rdb1 Qc7 19. Ne5 Nxc3 20. Qxc3 Bxe5 21. dxe5 e6 22. Rb2 Rec8 23. Bf1 Be8 24. Re1 Qe7 25. f3 Rc7 26. Rc2 Rac8 27. e4 fxe4 28. fxe4 Rd8 29. Qd4 Qh4 30. Qf2 Qxf2+ 31. Kxf2 dxe4 32. Bc4 Bf7 33. Ke3 Kf8 34. Rd2 Rxd2 35. Kxd2 Ke7 36. Ke3 Be8 37. Rd1 Bd7 38. Kxe4 Rc8 39. Kf3 Ra8 40. Bd3 Be8 41. Be4 Rc8 42. h4 Bf7 43. Rd4 Be8 44. Ke3 Bd7 45. Kd2 Rf8 46. Bd3 Rc8 47. Bc4 Rc7 48. Ke3 Rc8 49. Kf3 Rf8 50. Kg4 h6 51. Bd3 Be8 52. Rd6 Bf7 53. Kg3 1/2-1/2

[Event "Niederbayernliga 1516"]
[Site "Bayern"]
[Date "2015.10.25"]
[Round "2.1"]
[White "Christlmaier, Martin"]
[Black "Lipok, Erik"]
[Result "1/2-1/2"]
[WhiteElo "1989"]
[BlackElo "2038"]
[PlyCount "119"]
[EventDate "2015.10.11"]
[EventType "team-tourn"]
[EventRounds "9"]
[EventCountry "GER"]
[SourceTitle "EXT 2023"]
[Source "ChessBase"]
[SourceDate "2022.10.05"]
[SourceVersion "1"]
[SourceVersionDate "2022.10.05"]
[SourceQuality "1"]
[WhiteTeam "Landau Dingolfing"]
[BlackTeam "Roehrnbach II"]
[WhiteTeamCountry "GER"]
[BlackTeamCountry "GER"]

1. e4 c6 2. d4 d5 3. Nd2 g6 4. Ngf3 Bg7 5. Be2 Nf6 6. exd5 cxd5 7. Ne5 Nc6 8. Ndf3 Qb6 9. 0-0 0-0 10. c3 Bf5 11. Qb3 Qc7 12. Nd3 Bxd3 13. Bxd3 e6 14. Re1 Nd7 15. Bd2 Rfc8 16. Re2 Na5 17. Qa4 Nc4 18. Bg5 b5 19. Qc2 Rab8 20. Bh4 Rb6 21. a3 a5 22. Bg3 Qb7 23. b3 Nd6 24. b4 a4 25. Bxd6 Rxd6 26. Qd2 Rdc6 27. Rc1 Qa6 28. Ree1 Nb6 29. Rc2 Nc4 30. Bxc4 Rxc4 31. Ne5 R4c7 32. f4 Qb6 33. Kh1 Bxe5 34. fxe5 Qc6 35. h4 Qc4 36. Rb1 f6 37. Qe3 Rf8 38. Kh2 fxe5 39. Qxe5 Re7 40. Qd6 Qc7 41. Qxc7 Rxc7 42. Kg3 Rf5 43. Rd1 Kf7 44. Rd3 Kf6 45. Rf2 Re7 46. Rff3 e5 47. dxe5+ Rexe5 48. Kf2 Ke6 49. Rd1 Re4 50. Rxf5 gxf5 51. Rh1 f4 52. Rh3 Ke5 53. Rd3 h6 54. Rd1 Re3 55. Rc1 Ke4 56. Kf1 Rg3 57. Re1+ Re3 58. Rc1 Kf5 59. Rd1 Ke4 60. Rc1 1/2-1/2

[Event "Niederbayernliga 1213"]
[Site "Bayern"]
[Date "2013.??.??"]
[Round "5"]
[White "Goller, Sebastian"]
[Black "Christlmaier, Martin"]
[Result "0-1"]
[WhiteElo "1874"]
[BlackElo "1969"]
[PlyCount "58"]
[EventDate "2012.10.14"]
[EventType "team-tourn"]
[EventRounds "9"]
[EventCountry "GER"]
[SourceTitle "EXT 2023"]
[Source "ChessBase"]
[SourceDate "2022.10.05"]
[SourceVersion "1"]
[SourceVersionDate "2022.10.05"]
[SourceQuality "1"]
[WhiteTeam "Rottal III"]
[BlackTeam "Landau Dingolfing"]
[WhiteTeamCountry "GER"]
[BlackTeamCountry "GER"]

1. e4 e5 2. Nf3 Nc6 3. Bc4 Bc5 4. c3 Nf6 5. b4 Bb6 6. d3 d6 7. 0-0 Bg4 8. Nbd2 0-0 9. Re1 Ne7 10. h3 Bd7 11. Nf1 Ng6 12. Ng3 c6 13. d4 Qc8 14. Bg5 Bd8 15. Qd2 exd4 16. cxd4 Nxe4 17. Bxf7+ Rxf7 18. Nxe4 Bc7 19. h4 Bg4 20. Nh2 d5 21. Nc5 h6 22. f3 Bf5 23. g4 hxg5 24. Qxg5 Bf4 25. Qh5 Bxh2+ 26. Kxh2 Qc7+ 27. Kh1 Qg3 28. gxf5 Qh3+ 29. Kg1 Nxh4 0-1

[Event "Niederbayern-ch"]
[Site "Mamming"]
[Date "2011.03.11"]
[Round "3"]
[White "Staller, Josef"]
[Black "Christlmaier, Martin"]
[Result "0-1"]
[WhiteElo "1705"]
[BlackElo "1934"]
[PlyCount "82"]
[EventDate "2011.03.10"]
[EventType "swiss"]
[EventRounds "7"]
[EventCountry "GER"]
[SourceTitle "EXT 2023"]
[Source "ChessBase"]
[SourceDate "2022.10.05"]
[SourceVersion "1"]
[SourceVersionDate "2022.10.05"]
[SourceQuality "1"]

1. e4 e5 2. Nf3 Nc6 3. Bb5 a6 4. Bxc6 dxc6 5. 0-0 Qd6 6. d4 exd4 7. e5 Qd5 8. Qxd4 Bf5 9. c3 Bc5 10. Qxd5 cxd5 11. Bf4 0-0-0 12. Nbd2 Ne7 13. Nb3 Bb6 14. h3 h6 15. a4 g5 16. Bh2 Rdg8 17. Nbd4 g4 18. hxg4 Rxg4 19. a5 Ba7 20. b4 Rhg8 21. Bg3 c6 22. Rfd1 Be4 23. Kf1 Nf5 24. Nxf5 Bxf5 25. Rac1 h5 26. c4 dxc4 27. Rd6 Bd3+ 28. Ke1 Re4+ 29. Kd2 Re2+ 30. Kc3 Bxf2 31. Bxf2 Rxf2 32. Ne1 Re2 33. Rf6 Rg3 34. Rf3 h4 35. Rxg3 hxg3 36. Nxd3 cxd3 37. Kxd3 Rxg2 38. Rf1 Rf2 39. Rxf2 gxf2 40. Ke2 Kd7 41. Kxf2 Ke6 0-1

[Event "Deggendorf op 3rd"]
[Site "Deggendorf"]
[Date "2010.09.05"]
[Round "5"]
[White "Christlmaier, Martin"]
[Black "Schultes, Christoph"]
[Result "0-1"]
[WhiteElo "1953"]
[BlackElo "1776"]
[PlyCount "81"]
[EventDate "2010.09.03"]
[EventType "swiss"]
[EventRounds "5"]
[EventCountry "GER"]
[SourceTitle "CBM 138 Extra"]
[Source "ChessBase"]
[SourceDate "2010.10.29"]
[SourceVersion "1"]
[SourceVersionDate "2010.10.29"]
[SourceQuality "1"]

1. e4 c5 2. c3 d5 3. exd5 Qxd5 4. d4 Nf6 5. Nf3 Bg4 6. Be2 e6 7. 0-0 Nc6 8. Be3 cxd4 9. cxd4 Be7 10. Nc3 Qd6 11. a3 0-0 12. Qd2 Rfd8 13. Rfd1 Nd5 14. Ne4 Qc7 15. Rac1 Rac8 16. Nfg5 Nxe3 17. fxe3 Bxe2 18. Qxe2 Bxg5 19. Nxg5 Qe7 20. Qh5 h6 21. Nh3 Rd5 22. Qg4 Rf8 23. Rf1 e5 24. e4 Rxd4 25. Rc3 Rd6 26. Rcf3 Nd4 27. R3f2 Qe6 28. Qh5 Rc6 29. g4 Rc2 30. Rxc2 Nxc2 31. Nf2 Nd4 32. Nd3 Nc6 33. Kh1 Qc4 34. Qh3 Qxe4+ 35. Kg1 Nd4 36. Ne1 Ne2+ 37. Kf2 Nf4 38. Qe3 Qxe3+ 39. Kxe3 f6 40. Nc2 Rd8 41. Rf2 0-1

[Event "Deggendorf op 3rd"]
[Site "Deggendorf"]
[Date "2010.09.05"]
[Round "4"]
[White "Sajka, Mariusz"]
[Black "Christlmaier, Martin"]
[Result "1-0"]
[WhiteElo "2082"]
[BlackElo "1953"]
[PlyCount "77"]
[EventDate "2010.09.03"]
[EventType "swiss"]
[EventRounds "5"]
[EventCountry "GER"]
[SourceTitle "CBM 138 Extra"]
[Source "ChessBase"]
[SourceDate "2010.10.29"]
[SourceVersion "1"]
[SourceVersionDate "2010.10.29"]
[SourceQuality "1"]

1. d4 d5 2. c4 Nf6 3. Nc3 e6 4. Bg5 Nbd7 5. cxd5 exd5 6. e3 c6 7. Bd3 Bd6 8. Qc2 h6 9. Bh4 0-0 10. Nge2 Re8 11. g4 g5 12. Bg3 Bxg3 13. Nxg3 Nxg4 14. h3 Ngf6 15. Nf5 h5 16. Rg1 Ne4 17. Bxe4 dxe4 18. Nxe4 Qa5+ 19. Nc3 Qd8 20. f4 g4 21. hxg4 h4 22. 0-0-0 Nf8 23. d5 Ng6 24. Ne4 cxd5 25. Rxd5 Qb6 26. Rc5 Bxf5 27. gxf5 Rxe4 28. fxg6 Rae8 29. gxf7+ Kxf7 30. Rf5+ Qf6 31. Rxf6+ Kxf6 32. Qc3+ Ke6 33. Rg6+ Kd7 34. Rg7+ Ke6 35. Rg5 Kd7 36. Rd5+ Ke6 37. Re5+ Kf7 38. Qc7+ Re7 39. Qxe7+ 1-0

[Event "Niederbayernliga 0910"]
[Site "Germany"]
[Date "2010.04.11"]
[Round "9.1"]
[White "Wimmer, Alfred"]
[Black "Christlmaier, Martin"]
[Result "1-0"]
[WhiteElo "2048"]
[BlackElo "1861"]
[PlyCount "111"]
[EventDate "2009.10.18"]
[EventType "team-tourn"]
[EventRounds "9"]
[EventCountry "GER"]
[SourceTitle "EXT 2011"]
[Source "ChessBase"]
[SourceDate "2010.11.26"]
[SourceVersion "1"]
[SourceVersionDate "2010.11.26"]
[SourceQuality "1"]
[WhiteTeam "Adlkofen"]
[BlackTeam "Landau Dingolfing"]
[WhiteTeamCountry "GER"]
[BlackTeamCountry "GER"]

1. g3 d5 2. Nf3 c5 3. Bg2 Nc6 4. c4 Nf6 5. 0-0 g6 6. cxd5 Nxd5 7. d4 Nxd4 8. Nxd4 cxd4 9. Qxd4 Nf6 10. Qxd8+ Kxd8 11. Nc3 e6 12. Rd1+ Nd7 13. Ne4 Be7 14. Bf4 f6 15. Nd6 Bxd6 16. Bxd6 h5 17. Rac1 Rh7 18. Rc7 Ke8 19. Bxb7 Bxb7 20. Rxb7 Nf8 21. Rxh7 Nxh7 22. Rc1 Rd8 23. Bb4 Kd7 24. h4 f5 25. Rc5 a6 26. Ra5 Ra8 27. Bc3 Kc6 28. Kg2 Kb6 29. Re5 Re8 30. Re3 Kc6 31. Kf3 g5 32. hxg5 Nxg5+ 33. Kg2 Ne4 34. f3 Nd6 35. b3 Kd5 36. Rd3+ Kc6 37. Rd1 Rg8 38. Kf2 Rg6 39. Rh1 Rh6 40. Rh4 Nf7 41. a4 e5 42. Rc4+ Kb7 43. Rc5 Rc6 44. Rxc6 Kxc6 45. Kg2 Kd5 46. Kh3 e4 47. Kh4 Nd6 48. Kxh5 Nb7 49. g4 fxg4 50. fxg4 Nc5 51. g5 Ke6 52. g6 Nxb3 53. Kh6 Nc5 54. g7 Kf7 55. Kh7 Nd7 56. g8Q+ 1-0

[Event "Niederbayernliga 0910"]
[Site "Germany"]
[Date "2010.02.28"]
[Round "7.1"]
[White "Christlmaier, Martin"]
[Black "Simin, Vladimir"]
[Result "1/2-1/2"]
[WhiteElo "1861"]
[BlackElo "1844"]
[PlyCount "46"]
[EventDate "2009.10.18"]
[EventType "team-tourn"]
[EventRounds "9"]
[EventCountry "GER"]
[SourceTitle "EXT 2011"]
[Source "ChessBase"]
[SourceDate "2010.11.26"]
[SourceVersion "1"]
[SourceVersionDate "2010.11.26"]
[SourceQuality "1"]
[WhiteTeam "Landau Dingolfing"]
[BlackTeam "Ergolding"]
[WhiteTeamCountry "GER"]
[BlackTeamCountry "GER"]

1. e4 e6 2. e5 d5 3. exd6 Bxd6 4. d4 c5 5. dxc5 Bxc5 6. Qxd8+ Kxd8 7. Bf4 Bd7 8. Nf3 Nc6 9. Bc4 Nf6 10. 0-0 Nh5 11. Bg5+ f6 12. Bd2 g5 13. Bc3 Rf8 14. Nbd2 Kc7 15. Ne4 Be7 16. Nd4 Nxd4 17. Bxd4 b6 18. Rfe1 e5 19. Be3 Bc6 20. Bd3 Nf4 21. Bxf4 gxf4 22. f3 h5 23. Bc4 Rad8 1/2-1/2

[Event "Niederbayernliga 0910"]
[Site "Germany"]
[Date "2009.11.15"]
[Round "2.1"]
[White "Riemelmoser, Franz"]
[Black "Christlmaier, Martin"]
[Result "1/2-1/2"]
[WhiteElo "2278"]
[BlackElo "1861"]
[PlyCount "142"]
[EventDate "2009.10.18"]
[EventType "team-tourn"]
[EventRounds "9"]
[EventCountry "GER"]
[SourceTitle "EXT 2011"]
[Source "ChessBase"]
[SourceDate "2010.11.26"]
[SourceVersion "1"]
[SourceVersionDate "2010.11.26"]
[SourceQuality "1"]
[WhiteTeam "Simbach"]
[BlackTeam "Landau Dingolfing"]
[WhiteTeamCountry "GER"]
[BlackTeamCountry "GER"]

1. c4 e5 2. Nc3 Nc6 3. Nf3 Nge7 4. e3 d5 5. cxd5 Nxd5 6. Bb5 Nxc3 7. bxc3 Bd7 8. d4 Bd6 9. 0-0 0-0 10. e4 Qe7 11. Re1 a6 12. Bd3 Bg4 13. Be3 Qf6 14. Be2 Bxf3 15. Bxf3 Rad8 16. d5 Nb8 17. Bg4 a5 18. Qb3 b6 19. Qb5 Qe7 20. c4 g6 21. Bh6 Rfe8 22. Bh3 Qh4 23. Be3 Bb4 24. Re2 Qxe4 25. a3 Qd3 26. Rea2 Bc3 27. Rc1 Bd4 28. Bg5 f5 29. Bxd8 Rxd8 30. Qa4 Kf7 31. g3 Qf3 32. Bg2 Qg4 33. Rd2 Bc5 34. Re1 Qg5 35. Rde2 e4 36. Kh1 Rd6 37. f3 e3 38. f4 Qe7 39. Qb3 Nd7 40. Qc3 Qf6 41. Rxe3 Bxe3 42. Qxe3 Qd8 43. Bf3 h5 44. Kg2 Nc5 45. h3 Rd7 46. Qd4 Qf6 47. Re5 Re7 48. g4 hxg4 49. hxg4 Nd7 50. Rxe7+ Kxe7 51. Qe3+ Kf8 52. gxf5 Qxf5 53. Kg3 Nc5 54. Qe5 Qxe5 55. fxe5 Nd3 56. e6 Ne5 57. Be2 g5 58. Kf2 Ke7 59. Ke3 Kf6 60. Kd4 Ng6 61. c5 bxc5+ 62. Kxc5 Ke5 63. a4 Ne7 64. Bf3 Kf4 65. Bh1 Ke5 66. Kb5 Kd6 67. Bf3 g4 68. Bxg4 Nxd5 69. Kxa5 c5 70. Bh3 Nc3 71. Bf5 Ke7 1/2-1/2

[Event "Niederbayernliga 0708"]
[Site "Germany"]
[Date "2007.04.06"]
[Round "8.6"]
[White "Hartl, Manfred"]
[Black "Christlmaier, Martin"]
[Result "0-1"]
[WhiteElo "1769"]
[BlackElo "1697"]
[PlyCount "88"]
[EventDate "2007.10.21"]
[EventType "team"]
[EventRounds "9"]
[EventCountry "GER"]
[SourceTitle "EXT 2009"]
[Source "ChessBase"]
[SourceDate "2008.11.26"]
[SourceVersion "1"]
[SourceVersionDate "2008.11.26"]
[SourceQuality "1"]
[WhiteTeam "Grafenau"]
[BlackTeam "Landau Dingolfing"]
[WhiteTeamCountry "GER"]
[BlackTeamCountry "GER"]

1. e4 e5 2. Nf3 Nc6 3. Bc4 Bc5 4. d3 Nf6 5. Bg5 d6 6. h3 h6 7. Bh4 g5 8. Bg3 Nh5 9. Bxf7+ Kxf7 10. Nxe5+ dxe5 11. Qxh5+ Kg7 12. Nd2 Qe8 13. Qd1 Be6 14. Nf3 Bf7 15. Qd2 Bh5 16. a3 Bxf3 17. gxf3 Nd4 18. 0-0-0 Nxf3 19. Qc3 Bd6 20. h4 Qc6 21. Qb3 Nd4 22. Qc4 Qxc4 23. dxc4 Ne2+ 24. Kd2 Nxg3 25. fxg3 Raf8 26. Rh2 Rf3 27. Rg1 Bc5 28. Rgg2 Rhf8 29. c3 Rf2+ 30. Ke1 Rf1+ 31. Ke2 Bg1 32. Rh1 R1f2+ 33. Rxf2 Bxf2 34. hxg5 hxg5 35. Rh3 Kg6 36. b4 a6 37. a4 c6 38. b5 Rf7 39. Kd3 Rh7 40. Rxh7 Kxh7 41. g4 Bb6 42. Kc2 Kg6 43. Kb3 Kf6 44. Kb4 a5+ 0-1

[Event "Niederbayernliga 0708"]
[Site "Germany"]
[Date "2007.03.09"]
[Round "7.3"]
[White "Christlmaier, Martin"]
[Black "Scheipl, Ralf"]
[Result "0-1"]
[WhiteElo "1697"]
[BlackElo "2202"]
[PlyCount "120"]
[EventDate "2007.10.21"]
[EventType "team"]
[EventRounds "9"]
[EventCountry "GER"]
[SourceTitle "EXT 2009"]
[Source "ChessBase"]
[SourceDate "2008.11.26"]
[SourceVersion "1"]
[SourceVersionDate "2008.11.26"]
[SourceQuality "1"]
[WhiteTeam "Landau Dingolfing"]
[BlackTeam "Straubing"]
[WhiteTeamCountry "GER"]
[BlackTeamCountry "GER"]

1. e4 c5 2. c3 d5 3. exd5 Qxd5 4. d4 Nf6 5. Nf3 Bg4 6. Be2 cxd4 7. cxd4 e6 8. 0-0 Nc6 9. Nc3 Qd8 10. Be3 Rc8 11. Qb3 Qc7 12. Rac1 Be7 13. Rfd1 0-0 14. d5 exd5 15. Nxd5 Nxd5 16. Qxd5 a6 17. Qe4 Bh5 18. Rd5 Bg6 19. Qa4 Rcd8 20. Rxd8 Rxd8 21. Nd4 Be4 22. Ne6 fxe6 23. Qxe4 Qe5 24. Qxe5 Nxe5 25. Rc7 Rd7 26. Rxd7 Nxd7 27. Bf3 b6 28. Bb7 a5 29. Ba6 Bc5 30. Bxc5 Nxc5 31. Bc4 Kf7 32. f3 Ke7 33. Kf2 Kd6 34. Ke3 h6 35. f4 Na4 36. b3 Nc3 37. a4 e5 38. f5 Nd5+ 39. Kf3 Nf6 40. g4 Kc5 41. h3 Kd4 42. Bb5 Nd5 43. h4 e4+ 44. Kf2 Ke5 45. Bc4 h5 46. g5 Nf4 47. f6 gxf6 48. gxf6 Kxf6 49. Ke3 Ke5 50. Bf7 Ng2+ 51. Kd2 Nxh4 52. Bxh5 Kd4 53. Bg4 Nf3+ 54. Ke2 Ne5 55. Be6 Nd3 56. Bf7 Nf4+ 57. Kd2 e3+ 58. Ke1 Ke4 59. Be8 e2 60. Kd2 Kf3 0-1